New economic geography

New economic geography ako jedna z posledných teórií regionálneho rozvoja zameraných na formovanie priestorových štruktúr. Vznik New economic geography. Východiskové prepodklady New economic geography. Základné modely. Kritika New economic geography.

Gespeichert in:
Bibliographische Detailangaben
1. Verfasser: Pirmanová, Stanislava
Weitere Verfasser: Černěnko, Tomáš, 1981-
Format: Buchkapitel
Sprache:Slowakisch
Schlagworte:
Tags: Tag hinzufügen
Keine Tags, Fügen Sie das erste Tag hinzu!

MARC

LEADER 00000nla$a2200000$$$4500
001 0067157
005 20240502083200.1
041 0 |a slo 
044 |a CZ 
245 1 0 |a New economic geography  |c Stanislava Pirmanová, Tomáš Černenko 
520 |a New economic geography ako jedna z posledných teórií regionálneho rozvoja zameraných na formovanie priestorových štruktúr. Vznik New economic geography. Východiskové prepodklady New economic geography. Základné modely. Kritika New economic geography. 
610 2 0 |a rozvoj regionálny 
610 2 0 |a hospodárstvo regionálne 
610 2 0 |a teórie ekonomické 
610 2 0 |a geografia hospodárska 
610 2 0 |a lokalizácia 
610 2 0 |a koncentrácia 
610 2 0 |a sily pracovné 
610 2 0 |a pohyb síl pracovných 
100 1 |a Pirmanová, Stanislava 
700 1 |a Černěnko, Tomáš, 1981-